00726nam a2200193 a 450000100100000000500170001000800410002702000150006804000250008324000630010824501250017126000440029630000180034050000420035850000350040070000370043570000260047270000340049800004013520201002033935.0130808s1993 sp 000 0 spa d a8475099157 aDO-SdBNPbspacBNPHU00aThéories du nationalisme. Nation, nationalitelEspañol00aTeorías del nacionalismo /cCompiladores Gil Delannoi, Pierre-André Taguieff ; traducción de Antonio López Ruiz. aBarcelona :bEdiciones Paidós,c1993. a474 ;c24 cm. aIncluye notas al pie de las páginas aTraducido del idioma fránces1 aTaguieff, Pierre-André,ecomp.1 aDelannoi, Gil,ecomp.1 aLópez Ruiz, Antonio,etrad.